Les plus grandes villes européennes par lettre - L - Statistiques

Statistiques générales
  • Ce quiz a été pris 243 fois
  • Le résultat moyen est 6 sur 14
Statistiques - réponses
Population Ville % Correct
14.8m Londres
94%
2.48m Lisbonne
85%
1.29m Lille
81%
1.98m Lyon
81%
1.88m Liverpool
67%
2.18m Leeds
47%
653k Liège
31%
748k Leipzig
30%
431k Lausanne
27%
829k Łódź
27%
712k Leicester
19%
725k Lviv
18%
404k Luhansk
2%
556k Lipetsk
0%
Aucun quiz correspondant
Distribution des résultats
% des personnes avec chaque résultat
Percentile par nombre de réponses
Votre historique - résultats
Vous n’avez pas pris ce quiz